00726 2200241 4500001002100000005001500021035002000036245009200056100002800148300003800176740002600214700003700240700002800277264004100305336002100346337002000367338002200387082001000409084001600419020002200435600001400457990001300471INLIS00000000000205220240814085502 a0010-08240001461 aPanduan Keselamatan Sang Introver :bAgar survive di dunia yang berisik /cPatrick King0 aPatrick KingePengarang avii, 192 halaman :bIlus ;c23 cm aPassion For Knowledge0 aMuhammad Fahmi LubisePenerjemah0 aKrisna AryaePenyunting aJakarta :bBhuana ilu populer,c2023 2rdacontentaTeks 2rdamediaaCetak 2rdacarrieraCetak a155.2 a155.2 PAT p a978-623-04-1331-5 4apsikologi a24000169